000
00306nam a22001337a 4500
008
171019b xxu||||| |||| 00| 0 eng d
020
_a
9780071636629
041
_a
eng
080
_a
338
100
_a
53
101
_a
MEN
245
_a
CPM IN CONSTRUCTION MANGEMENT
_c
PLOTNICK.F.L
942
_2
udc
_c
BK
999
_c
34885
_d
34885